[Event "XVII Aberto "]
[Site "Ourense"]
[Date "2008.07.05"]
[Round "3.35"]
[White "De Francisco De Diego, Felipe"]
[Black "Losada Gallego, Joaquin"]
[Result "1-0"]
[WhiteElo "2019"]
[BlackElo "1716"]
[PlyCount "61"]
[EventDate "2008.07.03"]

1. d4 Nf6 2. c4 d5 3. Nc3 c6 4. Bg5 Nbd7 5. e3 Qb6 6. Qc2 e6 7. Nf3 Bb4 8. Nd2
Bxc3 9. bxc3 O-O 10. Bd3 g6 11. f3 Ne8 12. Be7 Ng7 13. Bxf8 Nxf8 14. e4 Qd8 15.
O-O dxe4 16. fxe4 f5 17. exf5 exf5 18. Qb3 Qg5 19. Rf2 h5 20. Re1 a5 21. c5+
Kh7 22. Qf7 Be6 23. Qxb7 Rd8 24. Bc4 Bd7 25. Nf3 Qf6 26. h4 Kh6 27. Ng5 Re8 28.
Rxe8 Nxe8 29. Re2 Ng7 30. Qb8 Nfe6 31. Qh8# 1-0

[Event "XVII Aberto "]
[Site "Ourense"]
[Date "2008.07.05"]
[Round "3.40"]
[White "Martinez Vecillas, Javier"]
[Black "Perez Dorado, Jorge"]
[Result "0-1"]
[WhiteElo "1851"]
[BlackElo "1985"]
[PlyCount "66"]
[EventDate "2008.07.03"]

1. e4 c5 2. d4 cxd4 3. c3 dxc3 4. Nxc3 Nc6 5. Nf3 g6 6. Bc4 Bg7 7. O-O Nf6 8.
Qe2 O-O 9. Rd1 a6 10. a4 Qc7 11. Bg5 Ne5 12. Ba2 Nxf3+ 13. Qxf3 Qe5 14. Bf4 Qh5
15. Qe3 b5 16. axb5 axb5 17. Bxf7+ Kxf7 18. Rxa8 b4 19. Ne2 Ng4 20. Qb3+ e6 21.
f3 Qc5+ 22. Nd4 Bxd4+ 23. Kf1 Ne3+ 24. Bxe3 Bxe3 25. Qd3 Bf4 26. g3 Bh6 27. f4
Qc6 28. Raa1 Bg7 29. Rd2 Rd8 30. Kg1 Bb7 31. Re1 Qb6+ 32. Re3 Ba6 33. Qb3 Bc4
0-1

[Event "XVII Aberto "]
[Site "Ourense"]
[Date "2008.07.05"]
[Round "3.41"]
[White "Gomez Dieguez, David"]
[Black "Piay Garcia, Alba"]
[Result "0-1"]
[WhiteElo "1727"]
[BlackElo "1938"]
[PlyCount "118"]
[EventDate "2008.07.03"]

1. e4 d5 2. exd5 Nf6 3. Nc3 Nxd5 4. Nge2 Bg4 5. f3 Bf5 6. Nxd5 Qxd5 7. Nc3 Qd7
8. Bc4 Nc6 9. d3 e6 10. Be3 O-O-O 11. Qd2 h5 12. Qf2 a6 13. a3 e5 14. b4 Nd4
15. Ne4 Be6 16. Bxe6 Qxe6 17. O-O h4 18. Rfb1 Be7 19. a4 f5 20. Bxd4 fxe4 21.
Bc5 Bxc5 22. Qxc5 exd3 23. cxd3 Rxd3 24. Rc1 Qd6 25. Qxd6 Rxd6 26. Rc4 Rd4 27.
Rac1 c6 28. Rxd4 exd4 29. Kf2 h3 30. g4 Kc7 31. Ke2 Re8+ 32. Kf2 d3 33. Rd1
Re2+ 34. Kg3 d2 35. f4 Kd6 36. Kxh3 c5 37. Kg3 c4 38. Kf3 Rxh2 39. Kg3 Re2 40.
Kf3 Rh2 41. Kg3 Rh8 42. Rxd2+ Ke6 43. Kf3 c3 44. Rc2 Kd5 45. f5 Kc4 46. b5 Kb3
47. Re2 c2 48. Re1 Kb2 49. bxa6 bxa6 50. Kf4 Rd8 51. g5 Rd1 52. Re2 Kb3 53.
Rxc2 Kxc2 54. Ke5 Kb3 55. Ke6 Rf1 56. f6 gxf6 57. gxf6 Kxa4 58. Ke7 a5 59. f7
Kb3 0-1

[Event "XVII Aberto "]
[Site "Ourense"]
[Date "2008.07.05"]
[Round "3.43"]
[White "Novoa Siota, Jose Antonio"]
[Black "Garcia Fernandez, Manuel"]
[Result "0-1"]
[WhiteElo "1725"]
[BlackElo "1873"]
[PlyCount "56"]
[EventDate "2008.07.03"]

1. e4 c5 2. Nf3 a6 3. c3 d5 4. e5 Nc6 5. d4 Bg4 6. Be3 cxd4 7. cxd4 e6 8. Be2
Bb4+ 9. Nbd2 Nge7 10. O-O O-O 11. h3 Bh5 12. g4 Bg6 13. a3 Bxd2 14. Qxd2 Na5
15. Nh4 Nb3 16. Qd1 Nxa1 17. Nxg6 Nxg6 18. Qxa1 Rc8 19. Bd3 Qh4 20. Kh2 f5 21.
f3 fxg4 22. fxg4 Rxf1 23. Qxf1 Rf8 24. Qc1 Rf2+ 25. Bxf2 Qxf2+ 26. Kh1 Qf3+ 27.
Kh2 Qxd3 28. Qc8+ Nf8 0-1

[Event "XVII Aberto "]
[Site "Ourense"]
[Date "2008.07.06"]
[Round "4.2"]
[White "Hoffman, Alejandro"]
[Black "Manolache, Marius"]
[Result "0-1"]
[WhiteElo "2445"]
[BlackElo "2521"]
[PlyCount "104"]
[EventDate "2008.07.03"]

1. d4 Nf6 2. g3 g6 3. Bg2 c5 4. d5 d6 5. c4 Bg7 6. Nc3 O-O 7. Nf3 e6 8. O-O
exd5 9. cxd5 Re8 10. h3 Bd7 11. a4 Ne4 12. Nxe4 Rxe4 13. Nd2 Rb4 14. Ra2 b5 15.
axb5 Bxb5 16. b3 Qe7 17. Re1 a5 18. Ba3 Na6 19. e3 a4 20. Bxb4 Nxb4 21. Ra3 Bb2
22. Rxa4 Bxa4 23. bxa4 Bc3 24. Re2 Bxd2 25. Rxd2 Qd7 26. e4 Qxa4 27. Qxa4 Rxa4
28. e5 Kf8 29. exd6 Ke8 30. Re2+ Kd7 31. Re7+ Kxd6 32. Rxf7 c4 33. Rxh7 Ra1+
34. Kh2 Re1 35. Rg7 c3 36. Rxg6+ Ke7 37. d6+ Kd8 38. Rg7 c2 39. Rc7 c1=Q 40.
Rxc1 Rxc1 41. h4 Rd1 42. h5 Rxd6 43. g4 Ke7 44. g5 Nd3 45. h6 Nxf2 46. Kg3 Nd3
47. h7 Rd8 48. Be4 Nc5 49. Bg6 Rh8 50. Kf4 Kf8 51. Bf5 Kg7 52. g6 Re8 0-1

[Event "XVII Aberto "]
[Site "Ourense"]
[Date "2008.07.06"]
[Round "4.3"]
[White "Petkov, Vladimir"]
[Black "Starostits, Ilmars"]
[Result "1-0"]
[WhiteElo "2423"]
[BlackElo "2497"]
[PlyCount "95"]
[EventDate "2008.07.03"]

1. d4 b6 2. c4 e6 3. a3 Bb7 4. Nc3 d6 5. e4 Nd7 6. Bd3 g6 7. Nge2 Bg7 8. Be3
Ne7 9. h4 h5 10. Bg5 a6 11. Qd2 c5 12. d5 Ne5 13. dxe6 fxe6 14. Nf4 Qd7 15. Be2
N7c6 16. Na4 Nd4 17. Nxb6 Qf7 18. Nxa8 Bxe4 19. O-O Bxa8 20. b4 O-O 21. bxc5
dxc5 22. Rab1 Bf6 23. Nh3 Bf3 24. Bd1 Bg4 25. Bxf6 Qxf6 26. Ng5 Nxc4 27. Qd3
Bf5 28. Qxc4 Bxb1 29. Bf3 Bf5 30. Qxc5 Bg4 31. Qa7 Qg7 32. Qxa6 Bxf3 33. gxf3
Rxf3 34. Nxf3 Nxf3+ 35. Kh1 Qf6 36. Qa8+ Kh7 37. Qb7+ Kg8 38. Qb8+ Kh7 39. Qc7+
Kh6 40. Qg3 e5 41. Rc1 Nxh4 42. Qe3+ g5 43. Qe4 Qe7 44. Rc6+ Kg7 45. Rb6 Qc5
46. Qb7+ Kg8 47. Qa8+ Kf7 48. Qa7+ 1-0

[Event "XVII Aberto "]
[Site "Ourense"]
[Date "2008.07.06"]
[Round "4.4"]
[White "Rivas Pastor, Manuel"]
[Black "Ortiz Suarez, Isam"]
[Result "1/2-1/2"]
[WhiteElo "2508"]
[BlackElo "2392"]
[PlyCount "63"]
[EventDate "2008.07.03"]

1. e4 c5 2. Nf3 e6 3. b3 b6 4. d4 cxd4 5. Nxd4 Bb7 6. Nb5 Bxe4 7. N1c3 Bc6 8.
Nd6+ Bxd6 9. Qxd6 Qe7 10. Ba3 Qxd6 11. Bxd6 Ne7 12. O-O-O Nc8 13. Ba3 a6 14. h4
d5 15. Rh3 Nd7 16. Rg3 Rg8 17. Re3 Nf6 18. Be2 h5 19. Bf3 Ne7 20. Bxe7 Kxe7 21.
Nxd5+ Nxd5 22. Bxd5 Rac8 23. Bxc6 Rxc6 24. Red3 Rgc8 25. R1d2 R8c7 26. Kb2 b5
27. Rd4 a5 28. a3 g6 29. g3 Rc5 30. R4d3 R5c6 31. Rd4 Rc5 32. R4d3 1/2-1/2

[Event "XVII Aberto "]
[Site "Ourense"]
[Date "2008.07.06"]
[Round "4.5"]
[White "Garcia Castro, Pablo"]
[Black "Perez Candelario, Manuel"]
[Result "1/2-1/2"]
[WhiteElo "2390"]
[BlackElo "2537"]
[PlyCount "44"]
[EventDate "2008.07.03"]

1. e4 e5 2. Nf3 Nc6 3. d4 exd4 4. Bc4 Nf6 5. e5 d5 6. Bb5 Ne4 7. Nxd4 Bd7 8.
Bxc6 bxc6 9. O-O Bc5 10. f3 Ng5 11. f4 Ne4 12. Nc3 O-O 13. Nxe4 dxe4 14. Be3
Qe7 15. Qe1 f6 16. Nb3 Bxe3+ 17. Qxe3 Qb4 18. Nc5 Bf5 19. a3 Qxb2 20. Rfb1 Qxc2
21. Rc1 Qb2 22. Rcb1 Qc2 1/2-1/2

[Event "XVII Aberto "]
[Site "Ourense"]
[Date "2008.07.06"]
[Round "4.6"]
[White "Fernandez Borrego, Pablo"]
[Black "Rusev, Krasimir"]
[Result "0-1"]
[WhiteElo "2229"]
[BlackElo "2508"]
[PlyCount "96"]
[EventDate "2008.07.03"]

1. c4 c5 2. Nf3 Nc6 3. Nc3 g6 4. d4 cxd4 5. Nxd4 Bg7 6. Nc2 Bxc3+ 7. bxc3 Qa5
8. Bb2 d6 9. Ne3 Be6 10. g3 Nf6 11. Bg2 O-O 12. O-O Nd7 13. Qb3 Nc5 14. Qb5 a6
15. Qxa5 Nxa5 16. Ba3 Nxc4 17. Nxc4 Bxc4 18. Bxc5 dxc5 19. Bxb7 Rab8 20. Be4
Bxe2 21. Rfe1 Bc4 22. Bc6 Rb6 23. Bd7 Rd8 24. Bg4 e6 25. Be2 Bxe2 26. Rxe2 Rd3
27. Rc2 Kf8 28. Kf1 Ke7 29. Ke2 c4 30. Rd1 Rxd1 31. Kxd1 Rb1+ 32. Ke2 e5 33. f4
f6 34. fxe5 fxe5 35. Ke3 Ke6 36. Kf3 a5 37. Rd2 Rc1 38. Ke4 Rxc3 39. Rd8 Rc2
40. Re8+ Kf6 41. Rf8+ Kg5 42. Kxe5 Rxh2 43. a3 c3 44. Rc8 c2 45. Rc4 Rg2 46. a4
h5 47. Kd5 Rxg3 48. Rxc2 Rg4 0-1

[Event "XVII Aberto "]
[Site "Ourense"]
[Date "2008.07.06"]
[Round "4.7"]
[White "Krivoshey, Sergei"]
[Black "Arnaudov, G. Petar"]
[Result "1-0"]
[WhiteElo "2504"]
[BlackElo "2311"]
[PlyCount "125"]
[EventDate "2008.07.03"]

1. Nf3 d5 2. d4 Nf6 3. c4 c6 4. e3 a6 5. Qc2 g6 6. Nc3 Bg7 7. Bd2 O-O 8. Rc1 e6
9. Be2 Nbd7 10. O-O dxc4 11. Bxc4 b5 12. Be2 c5 13. dxc5 Nxc5 14. Rfd1 Qb6 15.
b4 Ncd7 16. a4 bxa4 17. Nxa4 Qa7 18. Bc3 Bb7 19. Qb2 Rac8 20. Nc5 Nxc5 21. bxc5
Bxf3 22. Bxf3 Ne8 23. Bxg7 Nxg7 24. Qb6 Qe7 25. c6 Rc7 26. Qxa6 Nf5 27. g3 e5
28. Qa4 Rfc8 29. Be4 Qf6 30. Qa3 Qe6 31. Qc5 Kg7 32. Bxf5 Qxf5 33. Rd6 h5 34.
h4 Rb8 35. Rd2 Rbc8 36. Qb5 Qf6 37. Rdc2 Kh7 38. Rc5 Qf3 39. Qc4 Qf6 40. Qe4
Kg7 41. Kg2 Kh7 42. Rxe5 Rxc6 43. Rxc6 Rxc6 44. Rxh5+ Kg7 45. Rd5 Rb6 46. Qd4
Rb2 47. Qxf6+ Kxf6 48. g4 Rb4 49. Kg3 Rb1 50. Kf4 Rb2 51. f3 Rb4+ 52. e4 Rb3
53. h5 gxh5 54. Rxh5 Ra3 55. Rh6+ Kg7 56. Rb6 Rc3 57. g5 Ra3 58. Kg4 Re3 59.
Rb4 Ra3 60. f4 Ra5 61. Rb6 Ra1 62. Kf5 Rg1 63. e5 1-0

[Event "XVII Aberto "]
[Site "Ourense"]
[Date "2008.07.06"]
[Round "4.8"]
[White "Almagro Llamas, Pablo"]
[Black "Cabezas Ayala, Ivan"]
[Result "0-1"]
[WhiteElo "2492"]
[BlackElo "2336"]
[PlyCount "96"]
[EventDate "2008.07.03"]

1. e4 e5 2. Nf3 Nc6 3. Bb5 Nf6 4. O-O Nxe4 5. d4 Nd6 6. Bxc6 dxc6 7. dxe5 Nf5
8. Qxd8+ Kxd8 9. Nc3 h6 10. b3 Ne7 11. Bb2 Bg4 12. Nd4 c5 13. Nde2 Kc8 14. Ng3
Nf5 15. Nge4 Nd4 16. Rac1 Be7 17. Nd5 Ne2+ 18. Kh1 Nxc1 19. Nxe7+ Kd7 20. Nd5
Nxa2 21. Ne3 Be6 22. f4 g6 23. g4 Kc6 24. c4 Rad8 25. f5 gxf5 26. gxf5 Rd3 27.
Nd5 Rxb3 28. fxe6 fxe6 29. Ne7+ Kb6 30. Ba1 Rd8 31. Kg2 Re3 32. Ng3 Rd2+ 33.
Kh3 a5 34. Rf6 Rd1 35. Nd5+ Ka7 36. Nxe3 Rxa1 37. Rxe6 Nb4 38. Nd5 Nxd5 39.
cxd5 Re1 40. Rxh6 a4 41. Rh4 b5 42. Ne4 Re3+ 43. Kg2 a3 44. e6 a2 45. e7 a1=Q
46. e8=Q Qb2+ 47. Kf1 Qe2+ 48. Kg1 Qd1+ 0-1

[Event "XVII Aberto "]
[Site "Ourense"]
[Date "2008.07.06"]
[Round "4.9"]
[White "Guerra Mendez, Jose Angel"]
[Black "Baltar Iglesias, David"]
[Result "0-1"]
[WhiteElo "2456"]
[BlackElo "2281"]
[PlyCount "146"]
[EventDate "2008.07.03"]

1. e4 c5 2. Nf3 Nc6 3. d4 cxd4 4. Nxd4 Nf6 5. Nc3 e5 6. Ndb5 d6 7. Bg5 a6 8.
Na3 b5 9. Nd5 Be7 10. Bxf6 Bxf6 11. c4 b4 12. Nc2 a5 13. g3 Bg5 14. Bg2 O-O 15.
O-O Rb8 16. b3 g6 17. f4 exf4 18. gxf4 Bh6 19. Qd3 Bb7 20. Rad1 Bg7 21. Nde3
Qb6 22. Kh1 Rfe8 23. Qxd6 Qa7 24. Qd3 a4 25. Nd5 axb3 26. axb3 Ba8 27. e5 Kh8
28. Ra1 Qc5 29. Qh3 Ne7 30. Nce3 Nxd5 31. Nxd5 Bc6 32. Ra6 h5 33. Qg3 Ra8 34.
Rxc6 Qxc6 35. Nxb4 Qc5 36. Bxa8 Rxa8 37. Nd5 Qd4 38. Qe3 Qb2 39. Qc3 Qe2 40.
Re1 Qf2 41. Qg3 Qb2 42. b4 Ra3 43. Qg2 Qd4 44. Qe4 Qd2 45. Qe2 Qd4 46. Rd1 Qa7
47. b5 Ra2 48. b6 Qa3 49. Qe3 Qb2 50. Qg3 Qc2 51. Nc3 Rb2 52. c5 Bf8 53. Rd8
Kg7 54. c6 h4 55. Qh3 Rb3 56. Qd3 Qf2 57. Nd1 Qe1+ 58. Kg2 Rxd3 59. Rxd3 Qe4+
60. Rf3 Qxc6 61. Ne3 Qxb6 62. Nd5 Qd4 63. Nf6 Be7 64. Ng4 Bb4 65. Nf6 Be7 66.
Ng4 Qd1 67. h3 Qd5 68. Ne3 Qe4 69. f5 Bc5 70. f6+ Kf8 71. e6 Bxe3 72. e7+ Ke8
73. Kh2 Bg1+ 0-1

[Event "XVII Aberto "]
[Site "Ourense"]
[Date "2008.07.06"]
[Round "4.10"]
[White "Vallejo Diaz, Javier"]
[Black "Spassov, Liuben"]
[Result "1/2-1/2"]
[WhiteElo "2296"]
[BlackElo "2428"]
[PlyCount "39"]
[EventDate "2008.07.03"]

1. e4 c6 2. d4 d5 3. Nd2 dxe4 4. Nxe4 Bf5 5. Ng3 Bg6 6. N1e2 e6 7. Nf4 Bd6 8.
Nxg6 hxg6 9. Ne4 Nf6 10. Nxf6+ gxf6 11. h3 Nd7 12. Be2 Qc7 13. Be3 f5 14. Qd3
Nf6 15. O-O-O Bf4 16. Bf3 O-O-O 17. Bxf4 Qxf4+ 18. Qe3 Qxe3+ 19. fxe3 Ne4 20.
Bxe4 1/2-1/2

[Event "XVII Aberto "]
[Site "Ourense"]
[Date "2008.07.06"]
[Round "4.11"]
[White "Milchev, Nikolay"]
[Black "Gallego Martin, Miguel"]
[Result "1-0"]
[WhiteElo "2356"]
[BlackElo "1848"]
[PlyCount "77"]
[EventDate "2008.07.03"]

1. Nf3 Nf6 2. c4 g6 3. Nc3 Bg7 4. e4 d6 5. d4 O-O 6. h3 Na6 7. g3 e5 8. Bg2 c6
9. O-O Qc7 10. b3 Re8 11. Bb2 exd4 12. Nxd4 Nc5 13. Re1 a5 14. Kh2 Nfd7 15. f4
Na6 16. Qd2 Ndc5 17. Rad1 Nb4 18. Re3 Rd8 19. Nce2 Qb6 20. Bc3 Qc7 21. a3 Nba6
22. Bxa5 b6 23. Bc3 Bb7 24. b4 Ne6 25. Nxe6 fxe6 26. Bxg7 Qxg7 27. Rd3 d5 28.
exd5 cxd5 29. cxd5 Nc7 30. dxe6 Rxd3 31. Qxd3 Bxg2 32. Kxg2 Nxe6 33. Qd5 Re8
34. Nd4 Qf7 35. Nc6 Rc8 36. b5 Kh8 37. Kg1 Ra8 38. Re1 Nd8 39. Qd4+ 1-0

[Event "XVII Aberto "]
[Site "Ourense"]
[Date "2008.07.06"]
[Round "4.13"]
[White "Rivera Kuzawka, Daniel"]
[Black "Villalta Bustillo, Igor"]
[Result "1/2-1/2"]
[WhiteElo "2322"]
[BlackElo "2146"]
[PlyCount "100"]
[EventDate "2008.07.03"]

1. e4 e5 2. Nf3 Nf6 3. Nxe5 d6 4. Nf3 Nxe4 5. d4 d5 6. Bd3 Be7 7. O-O Nc6 8. c4
Nb4 9. Be2 O-O 10. Nc3 Be6 11. a3 Nxc3 12. bxc3 Nc6 13. cxd5 Bxd5 14. Be3 Na5
15. Nd2 c6 16. c4 Be6 17. Qc2 Rc8 18. Qa4 b6 19. Rfd1 a6 20. Qc2 b5 21. Qc3
Nxc4 22. Bxc4 Bxc4 23. Nxc4 bxc4 24. Qxc4 Qa5 25. a4 Rfd8 26. Rab1 Rd7 27. g3
Bf6 28. Rd3 h6 29. d5 Qd8 30. Rc1 a5 31. Qa6 c5 32. Rxc5 Rxc5 33. Bxc5 Rxd5 34.
Bb6 Rd6 35. Rxd6 Qxd6 36. Qxa5 Qd1+ 37. Kg2 Qb1 38. Qa8+ Kh7 39. a5 h5 40. Qd5
h4 41. gxh4 Qb4 42. h5 Qg4+ 43. Kf1 Qb4 44. Qxf7 Qb5+ 45. Kg2 Qg5+ 46. Kf3 Qf5+
47. Ke2 Qc2+ 48. Kf1 Qd1+ 49. Kg2 Qg4+ 50. Kf1 Qd1+ 1/2-1/2

[Event "XVII Aberto "]
[Site "Ourense"]
[Date "2008.07.06"]
[Round "4.14"]
[White "Chemeris, Román"]
[Black "Carril Garcia, Luis"]
[Result "1/2-1/2"]
[WhiteElo "2303"]
[BlackElo "2034"]
[PlyCount "108"]
[EventDate "2008.07.03"]

1. e4 e6 2. d4 d5 3. e5 c5 4. c3 Qb6 5. Nf3 Nc6 6. a3 Nh6 7. b4 cxd4 8. Bxh6
gxh6 9. cxd4 Bd7 10. Be2 Rc8 11. O-O Bg7 12. Qd3 O-O 13. Nbd2 f6 14. exf6 Rxf6
15. Nb3 Rcf8 16. Nc5 Be8 17. Rad1 Qc7 18. Qe3 Qe7 19. Nd3 Bh5 20. Nde5 Nxe5 21.
Nxe5 Bxe2 22. Qxe2 Rf4 23. Nf3 Re4 24. Qd3 Qf7 25. Rde1 Qg6 26. Re3 Rc8 27. Qe2
Rc3 28. Qb5 Rc7 29. Rxe4 dxe4 30. Ne5 Bxe5 31. Qxe5 Rf7 32. Rc1 Qf6 33. Qg3+
Qg5 34. Kf1 Qxg3 35. hxg3 e3 36. f3 Rd7 37. Ke2 Rxd4 38. Kxe3 Rd7 39. g4 Kf7
40. f4 Kf6 41. a4 Rg7 42. Kf3 Rd7 43. Rc3 Rd4 44. Rb3 e5 45. g3 b6 46. a5 b5
47. a6 exf4 48. gxf4 h5 49. Rc3 hxg4+ 50. Kxg4 h5+ 51. Kxh5 Rxf4 52. Rc6+ Ke7
53. Rc7+ Kd6 54. Rxa7 Rxb4 1/2-1/2

[Event "XVII Aberto "]
[Site "Ourense"]
[Date "2008.07.06"]
[Round "4.15"]
[White "Rivas Vila, David"]
[Black "De Francisco De Diego, Felipe"]
[Result "1-0"]
[WhiteElo "2260"]
[BlackElo "2019"]
[PlyCount "41"]
[EventDate "2008.07.03"]

1. e4 e5 2. Nf3 Nc6 3. Nc3 Nf6 4. d4 exd4 5. Nxd4 Bb4 6. Nxc6 bxc6 7. Bd3 O-O
8. O-O h6 9. e5 Bxc3 10. bxc3 Nd5 11. Bd2 d6 12. f4 dxe5 13. fxe5 Be6 14. Qe2
Qh4 15. Kh1 Qg4 16. Rf3 h5 17. Qf2 h4 18. c4 g5 19. cxd5 cxd5 20. Bf5 Qh5 21.
h3 1-0

[Event "XVII Aberto "]
[Site "Ourense"]
[Date "2008.07.06"]
[Round "4.16"]
[White "Mejuto De Ulloa, Jorge"]
[Black "Astasio Lopez, David"]
[Result "0-1"]
[WhiteElo "2067"]
[BlackElo "2258"]
[PlyCount "108"]
[EventDate "2008.07.03"]

1. d4 d5 2. Nf3 Nf6 3. Bf4 c6 4. e3 Qb6 5. Qc1 Bf5 6. Nbd2 Nbd7 7. Nh4 Be6 8.
h3 c5 9. c3 h6 10. Bg3 g5 11. Nhf3 Bf5 12. a4 Bg7 13. a5 Qe6 14. dxc5 Nxc5 15.
Nd4 Qc8 16. Nxf5 Qxf5 17. Bb5+ Nfd7 18. Qb1 Qxb1+ 19. Rxb1 a6 20. Be2 O-O 21.
O-O Rac8 22. Rfd1 Nf6 23. Bh2 Rfd8 24. Nf3 Nb3 25. Nd4 Nxa5 26. Nf5 Nc6 27. Bf3
Bf8 28. g4 e6 29. Ng3 Bd6 30. Kg2 Ne5 31. Be2 Nc4 32. Bd3 Kf8 33. Bg1 Ke7 34.
f3 Bc5 35. Re1 Nd7 36. f4 f6 37. fxg5 hxg5 38. e4 Bxg1 39. exd5 Nde5 40. Bxc4
Rxc4 41. Rxg1 Rxd5 42. Rbd1 Nd3 43. Kh2 Ra4 44. Rg2 Ra2 45. Rdd2 Ne1 46. Nf5+
Rxf5 47. gxf5 Nxg2 48. Kxg2 exf5 49. Kf3 Ke6 50. Re2+ Kf7 51. c4 Kg6 52. c5 Ra5
53. Rc2 Rb5 54. Ke3 Kh5 0-1

[Event "XVII Aberto "]
[Site "Ourense"]
[Date "2008.07.06"]
[Round "4.18"]
[White "Perez Candelario, Matias"]
[Black "Paredes Sanchez, Juan"]
[Result "1/2-1/2"]
[WhiteElo "2064"]
[BlackElo "2231"]
[PlyCount "110"]
[EventDate "2008.07.03"]

1. e4 c5 2. Nf3 d6 3. d4 cxd4 4. Nxd4 Nf6 5. Nc3 a6 6. Be2 e5 7. Nb3 Be7 8. Be3
Be6 9. O-O O-O 10. f4 exf4 11. Bxf4 Nc6 12. Kh1 d5 13. Bf3 dxe4 14. Nxe4 Qxd1
15. Rfxd1 Nxe4 16. Bxe4 Rac8 17. c3 Rfd8 18. Bf3 Rxd1+ 19. Rxd1 b5 20. Nd4 Nxd4
21. Rxd4 Bxa2 22. Bb7 Re8 23. h3 Bf6 24. Rd2 Re6 25. Rd6 Rxd6 26. Bxd6 a5 27.
Bc6 Bc4 28. Kg1 Bd8 29. Bc5 f6 30. Kf2 Kf7 31. Ke3 Ke6 32. Kd4 Bc7 33. Bf8 Bb6+
34. Bc5 Bd8 35. Bf8 Kf7 36. Bd6 Bb6+ 37. Bc5 Bc7 38. Bd5+ Bxd5 39. Kxd5 Be5 40.
Bd4 Bxd4 41. Kxd4 f5 42. Kc5 f4 43. Kxb5 Ke6 44. Kc4 Ke5 45. h4 h5 46. b4 axb4
47. cxb4 g5 48. Kd3 g4 49. b5 Kd5 50. b6 Kc6 51. Ke4 f3 52. gxf3 gxf3 53. Kxf3
Kxb6 54. Kf4 Kc6 55. Kg5 Kd6 1/2-1/2

[Event "XVII Aberto "]
[Site "Ourense"]
[Date "2008.07.06"]
[Round "4.19"]
[White "Outomuro Nieves, Rafael"]
[Black "Lopez Rodriguez, Walter"]
[Result "0-1"]
[WhiteElo "2051"]
[BlackElo "2227"]
[PlyCount "104"]
[EventDate "2008.07.03"]

1. e4 c5 2. Nf3 e6 3. d4 cxd4 4. Nxd4 a6 5. g3 d5 6. Bg2 dxe4 7. O-O Nf6 8. Nc3
Be7 9. Nxe4 O-O 10. Be3 Nd5 11. Re1 Nxe3 12. Rxe3 Nd7 13. Rd3 Qb6 14. Rb3 Qa7
15. Rd3 Nc5 16. Nxc5 Bxc5 17. Qd2 Bb6 18. Rd1 e5 19. Nb3 Bf5 20. Rd5 Rac8 21.
c3 Bg4 22. Re1 f6 23. h3 Be6 24. Rd6 Rcd8 25. Rxd8 Rxd8 26. Qe2 Rd6 27. Nd2
Bxf2+ 28. Qxf2 Qxf2+ 29. Kxf2 Rxd2+ 30. Re2 Rd7 31. b3 Kf7 32. c4 b6 33. g4 h6
34. Ke3 Ke7 35. Be4 Kd6 36. Bf5 Bxf5 37. gxf5 Kc5 38. a3 Rd4 39. Rg2 Rh4 40.
Rg3 a5 41. Kd3 Rf4 42. Rxg7 Rf3+ 43. Kc2 Rxf5 44. Rg6 Rf2+ 45. Kc3 Rf3+ 46. Kc2
Kd4 47. Rg4+ e4 48. h4 f5 49. Rg6 Rf2+ 50. Kd1 e3 51. Rxh6 f4 52. Rxb6 f3 0-1

[Event "XVII Aberto "]
[Site "Ourense"]
[Date "2008.07.06"]
[Round "4.20"]
[White "Outerelo Ucha, Manuel"]
[Black "Gomez Dominguez, Xavier"]
[Result "1-0"]
[WhiteElo "2218"]
[BlackElo "1977"]
[PlyCount "59"]
[EventDate "2008.07.03"]

1. e4 c5 2. d3 Nc6 3. g3 g6 4. Bg2 Bg7 5. f4 e6 6. Nf3 Nge7 7. c3 d5 8. Qe2 O-O
9. O-O Rb8 10. e5 b5 11. Be3 d4 12. cxd4 cxd4 13. Bf2 Qb6 14. Nbd2 Rd8 15. Ne4
Ba6 16. Rfc1 Rbc8 17. Nd6 Rc7 18. Ng5 h6 19. Nge4 Nc8 20. Nxc8 Bxc8 21. h4 Bb7
22. h5 Ne7 23. hxg6 Rxc1+ 24. Rxc1 Nxg6 25. Qh5 Bf8 26. Be1 b4 27. Bd2 Bxe4 28.
Bxe4 Kh7 29. Rc6 Qa5 30. Rxe6 1-0

[Event "XVII Aberto "]
[Site "Ourense"]
[Date "2008.07.06"]
[Round "4.21"]
[White "De Sousa Da Silva, Armando"]
[Black "Tamayo Romay, Javier"]
[Result "1-0"]
[WhiteElo "2031"]
[BlackElo "2217"]
[PlyCount "105"]
[EventDate "2008.07.03"]

1. d4 f5 2. c4 Nf6 3. Nc3 d6 4. Nf3 g6 5. g3 Bg7 6. Bg2 O-O 7. O-O Qe8 8. Nd5
Nxd5 9. cxd5 Nd7 10. Ng5 Nb6 11. Ne6 Bxe6 12. dxe6 d5 13. Bf4 c6 14. a4 Qc8 15.
a5 Nc4 16. b3 Nd6 17. a6 Nb5 18. axb7 Qxb7 19. e3 Qc8 20. Qc2 Rf6 21. Rfc1 Qxe6
22. Be5 Rff8 23. Bxg7 Kxg7 24. Qxc6 Qxc6 25. Rxc6 Rf6 26. Bxd5 Rd8 27. Rxf6
Kxf6 28. Bc4 Rb8 29. Ra5 Nd6 30. Rxa7 g5 31. h3 h5 32. Kg2 g4 33. h4 Rc8 34.
Ra6 Kg7 35. Ra4 Rb8 36. Ra5 Rb4 37. Rc5 Kf6 38. Kg1 Rb8 39. Bd5 e6 40. Rc6 Ke7
41. Bc4 Kd7 42. Ra6 Rb7 43. Kf1 Rc7 44. Ra4 Ne4 45. Ke1 Ke7 46. Ra8 Kf6 47. Ra6
Re7 48. d5 Rc7 49. Rxe6+ Kg7 50. d6 Ra7 51. Re7+ Rxe7 52. dxe7 Nd6 53. Bb5 1-0

[Event "XVII Aberto "]
[Site "Ourense"]
[Date "2008.07.06"]
[Round "4.22"]
[White "Bello Filgueira, Joaquin Antoni"]
[Black "Stanoev, Atanas"]
[Result "0-1"]
[WhiteElo "2015"]
[BlackElo "2198"]
[PlyCount "111"]
[EventDate "2008.07.03"]

1. e4 c5 2. Nf3 d6 3. Bb5+ Nd7 4. c3 Ngf6 5. Bd3 g6 6. O-O Bg7 7. Re1 O-O 8.
Bc2 Ne5 9. d4 Nxf3+ 10. Qxf3 cxd4 11. cxd4 Qb6 12. d5 Ng4 13. Nc3 Bd4 14. Re2
Bg7 15. h3 Ne5 16. Qe3 Qa5 17. Bb3 b5 18. f4 Nd7 19. Bd2 b4 20. Nd1 Qb5 21. Rc1
Nb6 22. Rf2 a5 23. Rc6 Rb8 24. Qe2 Qxe2 25. Rxe2 Bd7 26. Rc7 Rfc8 27. Rxd7 Nxd7
28. Ba4 Bd4+ 29. Be3 Bxe3+ 30. Rxe3 Rc1 31. Bxd7 Rxd1+ 32. Kf2 Ra1 33. b3 Rxa2+
34. Re2 Rxe2+ 35. Kxe2 Kf8 36. Kd3 e6 37. dxe6 fxe6 38. Bxe6 a4 39. Kc2 a3 40.
Bc4 Ke7 41. g4 Ra8 42. Kb1 Rf8 43. f5 gxf5 44. exf5 Kf6 45. h4 Re8 46. Bd3 h6
47. Ka2 d5 48. Bb1 Re2+ 49. Ka1 d4 50. g5+ hxg5 51. hxg5+ Kxg5 52. f6 Kxf6 53.
Bd3 Re3 54. Bc2 Re1+ 55. Bb1 d3 56. Ka2 0-1

[Event "XVII Aberto "]
[Site "Ourense"]
[Date "2008.07.06"]
[Round "4.23"]
[White "Alonso Macias, Victor"]
[Black "Eyo Castro-Rial, Alberto"]
[Result "0-1"]
[WhiteElo "1977"]
[BlackElo "2192"]
[PlyCount "60"]
[EventDate "2008.07.03"]

1. e4 e6 2. d4 d5 3. Nc3 Nf6 4. Bg5 dxe4 5. Nxe4 Be7 6. Bxf6 Bxf6 7. Nf3 Nd7 8.
Qd2 O-O 9. Bd3 c5 10. Nxf6+ Nxf6 11. dxc5 Qc7 12. O-O-O b6 13. g4 Bb7 14. g5
Nd7 15. Qe3 Nxc5 16. Rhg1 Rac8 17. c3 b5 18. Bc2 b4 19. Nd4 bxc3 20. Qxc3 e5
21. Nb5 Qb6 22. Nd6 Rc7 23. Qxe5 Nd3+ 24. Rxd3 Qxf2 25. Rd2 Qxg1+ 26. Rd1 Qg2
27. Rd2 Qh1+ 28. Rd1 Qf3 29. Ne8 Rxc2+ 30. Kxc2 Qe4+ 0-1

[Event "XVII Aberto "]
[Site "Ourense"]
[Date "2008.07.06"]
[Round "4.24"]
[White "Gutierrez Bustillo, Diego"]
[Black "Vidal Del Rio, Manuel"]
[Result "0-1"]
[WhiteElo "1947"]
[BlackElo "2188"]
[PlyCount "66"]
[EventDate "2008.07.03"]

1. e4 e5 2. Nf3 Nf6 3. Nxe5 d6 4. Nf3 Nxe4 5. Nc3 Nxc3 6. dxc3 Be7 7. Be3 Nd7
8. Qd2 Nc5 9. O-O-O O-O 10. h3 c6 11. Nd4 Re8 12. g4 Ne4 13. Qe1 Nxf2 14. Qxf2
Bh4 15. Qf4 Rxe3 16. Bc4 d5 17. Nf3 Rxf3 18. Qxf3 Qg5+ 19. Kb1 dxc4 20. Rd4 Be6
21. Rf1 Qe5 22. Rf4 Bd5 23. Qd1 Re8 24. b3 Qxc3 25. bxc4 Bxc4 26. Qd7 Re1+ 27.
Rxe1 Qxe1+ 28. Kb2 Bf6+ 29. Rd4 g6 30. c3 Bg5 31. Rxc4 Qc1+ 32. Kb3 Qb1+ 33.
Ka4 Qb5+ 0-1

[Event "XVII Aberto "]
[Site "Ourense"]
[Date "2008.07.06"]
[Round "4.25"]
[White "Lozoya Rodriguez, Alberto"]
[Black "Doval Gonzalez, Jose"]
[Result "1-0"]
[WhiteElo "2171"]
[BlackElo "1886"]
[PlyCount "59"]
[EventDate "2008.07.03"]

1. d4 f5 2. Nc3 Nf6 3. Bg5 g6 4. Qd2 Bg7 5. O-O-O O-O 6. f3 d5 7. e4 fxe4 8.
fxe4 Be6 9. exd5 Nxd5 10. Nf3 Nxc3 11. Qxc3 Qd5 12. Ne5 b5 13. Qb3 Qd6 14. Qxb5
c6 15. Qb7 Bxe5 16. dxe5 Qxe5 17. Bh6 Nd7 18. Bxf8 Rb8 19. Qxb8 Qxb8 20. Bxe7
Qf4+ 21. Kb1 Qf7 22. Ba3 Bxa2+ 23. Ka1 Bd5 24. Ba6 Bxg2 25. Rhe1 Bh3 26. Re7
Qf3 27. Bc4+ Kh8 28. Rdxd7 Qh1+ 29. Ka2 Bxd7 30. b3 1-0